Wings over Hellas: ancient Greece from the air
Na minha lista:
| Autor principal: | |
|---|---|
| Formato: | Livro |
| Idioma: | inglês |
| Publicado em: |
Nueva York
Oxford University
1974
|
| Assuntos: | |
| Tags: |
Adicionar Tag
Sem tags, seja o primeiro a adicionar uma tag!
|
MARC
| LEADER | 00000nam a2200000 a 4500 | ||
|---|---|---|---|
| 001 | UCO5745 | ||
| 003 | CL-VaPUC | ||
| 008 | 000915e19740000US |||||||||||||||||eng|d | ||
| 082 | 0 | 4 | |a 913.8 |b SCH |2 21 |
| 100 | 0 | |a Schoder, Raymond V |e author |9 450550 | |
| 245 | 1 | 0 | |a Wings over Hellas: ancient Greece from the air |
| 300 | |a 256 p | ||
| 942 | |c BK | ||
| 945 | |d 20000915 00:00:00 |a crobeson | ||
| 260 | |a Nueva York |b Oxford University |c 1974 | ||
| 500 | |a Contiene 140 fotografías, 138 dibujos y 1 mapa | ||
| 650 | 7 | |a SITIOS HISTORICOS |2 CL-VaPUC |9 323388 | |
| 650 | 0 | |a Fotografía aérea (Aerofotografía) |9 366417 | |
| 650 | 7 | |a RECONOCIMIENTO ARQUEOLOGICO |2 CL-VaPUC |9 450551 | |
| 651 | 0 | |a Grecia antigua |9 327505 | |
| 583 | |a last modification |c 20000915 00:00:00 |k Rodrigo Vera | ||
| 999 | |c 291578 |d 291576 | ||
| 952 | |0 0 |1 0 |4 0 |6 913_800000000000000_SCH_1974 |7 0 |8 A |9 341541 |a BIBART |b BIBART |d 2019-11-20 |i 1222139 |o 913.8 SCH 1974 |p 1222139 |r 2025-03-13 |w 2019-11-20 |y BK |k ART | ||